| 000 | 01193nam a22002177a 4500 | ||
|---|---|---|---|
| 003 | OSt | ||
| 005 | 20251218155459.0 | ||
| 008 | 251218b |||||||| |||| 00| 0 eng d | ||
| 020 | _a97808244867836 | ||
| 040 | _cDCL | ||
| 041 | _aEnglish | ||
| 082 | _a959.102 | ||
| 100 |
_aAung-Thwin, _cMichael |
||
| 245 | 1 | 0 |
_aMyanmar in the fifteenth century : _b a tale of two kingdoms / _cMichael A. Aung-Thwin. |
| 260 |
_aHonolulu : _bUniversity of Hawaiʻi Press, _c2017. |
||
| 300 |
_axiv, 369 pages : _bmap ; _c22 cm. |
||
| 504 | _aInclude bibliographies and index. | ||
| 505 | _aPrelude to Ava -- The Ava convention -- Ava's founding fathers -- The consolidation of Ava -- The fifteenth century and the apogee of Ava -- Ava : Pagan writ small -- The last decades and the decline of Ava -- Ava's legacy in Myanmar's history -- The "Pegu convention" and the "Mon narrative" -- Sources for the reconstruction of Pegu -- The origins of Pegu and its founding fathers -- Yazadarit the Unifier -- The golden years at Pegu : Shin Saw Bu, Dhammazedi, and Bannya Ram -- The historical legacy of the first Pegu dynasty | ||
| 651 |
_aMyanmar _vHistory _yTo 1824. |
||
| 942 |
_2ddc _cSHORT TERM _n0 |
||
| 999 |
_c2756 _d2756 |
||